000 00609nam a2200193Ia 4500
008 090124s9999 xx 000 0 und d
082 _b127224
100 _aचेस जेम्स हॅडले
245 _a प्रेम तुझ्यावर
250 _a1
260 _c1996
300 _a139
600 _aचेस जेम्स हॅडले
630 _a प्रेम तुझ्यावर
700 _aदेखणे मनोहर
700 _aचेस जेम्स हॅडले
730 _a प्रेम तुझ्यावर
942 _cBOOK
999 _c173313
_d173313